Представление документа в формате MARC21

Поле Инд. ПП Название Значение
Тип записи a
Библиографический уровень m
001 Контрольный номер 972d0fcbc5e64ba3b88f93506f17c411
005 Дата корректировки 20260520165250.9
040 a Служба первич. каталог. 10013504
b Код языка каталог. rus
e Правила каталог. PSBO
041 0_ a Код языка текста rus
090 a Полочн. индекс Дис.
x Авторский знак Ч-49
r Идентификатор организации 10013504
100 1_ a Автор Чернышев А.В.
q Полное имя Чернышев Александр Васильевич
245 10 a Заглавие Исследование некоторых вопросов переработки информации в системах числового программного управления механической обработки деталей летательных аппаратов
b Продолж. заглавия диссертация ... кандидата технических наук
c Ответственность науч. рук. А.Б. Яхин, В.А. Андреев ; Научно-исследовательский институт технологии и организации производства (НИАТ)
260 a Место издания Москва
c Дата издания 1960
300 a Объем 205 с.
b Иллюстрации/ тип воспроизводства ил.
504 a Библиография Библиогр.: с. 161-164 (36 назв.)
653 0_ a Ключевые слова ДИССЕРТАЦИИ; АВТОР МАТИ; ПЕРЕРАБОТКА ИНФОРМАЦИИ; ЧПУ; МЕХАНИЧЕСКАЯ ОБРАБОТКА; ДЕТАЛИ ЛЕТАТЕЛЬНЫХ АППАРАТОВ
700 12 a Другие авторы Яхин Б.А.
e Роль лиц Научный руководитель
700 12 a Другие авторы Андреев В.А.
e Роль лиц Научный консультант
901 t Тип документа d
952 a Тип литературы для КСУ ВШ КДНР
c Вид литературы диссертация